Efficiency of small scale vegetable farms: policy implications for the rural poverty reduction in Nepal

Hodnotenie ekonomickej efektívnosti zeleninárskych fariem v Nepále použitím prístupu DEA.

Na minha lista:
Detalhes bibliográficos
Autor principal: Shrestha, Rudra Bahudar
Formato: Capítulo de Livro
Idioma:inglês
Assuntos:
Tags: Adicionar Tag
Sem tags, seja o primeiro a adicionar uma tag!

MARC

LEADER 00000naa a2200000 4500
001 0217236
005 20221019173850.6
041 0 |a eng 
044 |a CZ 
245 1 0 |a Efficiency of small scale vegetable farms: policy implications for the rural poverty reduction in Nepal  |c Rudra Bahudar Shrestha ... [et al.] 
520 |a Hodnotenie ekonomickej efektívnosti zeleninárskych fariem v Nepále použitím prístupu DEA. 
610 2 0 |a farmy 
610 2 0 |a produkcia 
610 2 0 |a zelenina 
610 2 0 |a výkonnosť 
610 2 0 |a efektívnosť 
610 2 0 |a práca žien 
610 2 0 |a analýza obaľovania dát 
610 2 0 |a Nepál 
610 2 0 |a redukcia chudoby 
100 1 |a Shrestha, Rudra Bahudar